| 000 | 00635nam a2200217Ia 4500 | ||
|---|---|---|---|
| 001 | 3356 | ||
| 003 | GE_BSU | ||
| 008 | 181216s||||||||xx |||||||||||||| ||und|| | ||
| 040 | _cGE_BSU | ||
| 080 | _a621.9.06(035.3) | ||
| 245 | _aМеталлорежущие станки.Часть 2.Станки токарной группы. | ||
| 245 | _bКаталог-справочник. | ||
| 245 | _cРед.А.Б.Бельская | ||
| 260 | _aМ. | ||
| 260 | _bНимаш. | ||
| 260 | _c1969. | ||
| 300 | _a381 стр. с илл. 22 см. | ||
| 300 | _eтабл. | ||
| 653 | _aМеталлорежущие станки. | ||
| 942 | _cBK | ||
| 999 |
_c37397 _d37397 |
||